000 01315nam a2200337Ia 4500
001 ebr10135660
003 CaPaEBR
006 m u
007 cr cn|||||||||
008 020220s2002 nyub sb 001 0 eng d
010 _z 2002024196
020 _z1403982449
020 _z0312295502 (cloth)
040 _aCaPaEBR
_cCaPaEBR
035 _a(OCoLC)647537048
050 1 4 _aDT658.26
_b.A36 2002eb
082 0 4 _a967.5103/3
_221
245 0 4 _aThe African stakes of the Congo War
_h[electronic resource] /
_cedited by John F. Clark.
250 _a1st ed.
260 _aNew York :
_bPalgrave Macmillan,
_c2002.
300 _axv, 249 p. :
_bmaps.
504 _aIncludes bibliographical references and index.
533 _aElectronic reproduction.
_bPalo Alto, Calif. :
_cebrary,
_d2009.
_nAvailable via World Wide Web.
_nAccess may be limited to ebrary affiliated libraries.
650 0 _aPolitical violence
_zCongo (Democratic Republic)
651 0 _aCongo (Democratic Republic)
_xHistory
_y1997-
651 0 _aCongo (Democratic Republic)
_xHistory
_y1960-1997.
655 7 _aElectronic books.
_2local
700 1 _aClark, John Frank.
710 2 _aebrary, Inc.
856 4 0 _uhttp://site.ebrary.com/lib/rucke/Doc?id=10135660
_zAn electronic book accessible through the World Wide Web; click to view
999 _c189798
_d189798